000
00335nam a2200145Ia 4500
005
20251222152020.0
008
251222s9999||||xx |||||||||||||| ||spa||
020
_a
8484760499
082
_a
631.4/V66
100
_a
Villalobos, Francisco J.
245
0
_a
Fitotecnia:
250
_a
1ra.ed.
264
_b
Gráfica Retai
942
_c
LIB
999
_c
25246
_d
25246